Countries With a C and E - Statistics

General Stats
  • This quiz has been taken 31 times
  • The average score is 16 of 20
Answer Stats
Answer % Correct
Chile
96%
France
92%
Czech Republic
88%
Ecuador
88%
Greece
88%
United States
88%
Cameroon
84%
Dominican Republic
84%
D.R. Congo
84%
Central African Republic
80%
F.S. of Micronesia
80%
Rep. of the Congo
80%
Cape Verde
76%
Iceland
76%
Liechtenstein
76%
North Macedonia
76%
Mexico
72%
St. Vincent and the Grenadines
72%
Seychelles
60%
Sao Tome and Principe
56%
No matching quizzes found
Score Distribution
Percent of People with Each Score
Percentile by Number Answered
Your Score History
You have not taken this quiz